| 000 | 01107nam a22002537a 4500 | ||
|---|---|---|---|
| 001 | 75953 | ||
| 003 | BD-RjUL | ||
| 005 | 20221208102534.0 | ||
| 008 | 190923r20222019bg a|||| |||| 00| 0 ben d | ||
| 020 | _a9789844327177 | ||
| 035 | _a(BD-RjUL)76172 | ||
| 040 |
_aBD-RjUL _beng _cBD-RjUL |
||
| 041 | _aben | ||
| 082 |
_223 _a954.9205092 _bMAJ 2022 |
||
| 100 |
_aমামুন, মুনতাসীর _9233116 |
||
| 245 |
_aবঙ্গবন্ধুর জীবন : _bছাত্র রাজনীতি থেকে জাতীয় রাজনীতি (১৯২০-১৯৪৯) / _cমুনতাসীর মামুন |
||
| 260 |
_aঢাকা : _bঅনন্যা, _c২০১৯ [ মুদ্রণ ২০২২] |
||
| 300 |
_a২৩৯ পৃ : _bচিত্র ; _c১৮ সেমি. |
||
| 600 |
_aMujibur Rahman, _cSheikh, _d1920-1975. |
||
| 600 |
_aমুজিবুর রহমান, _cশেখ, _d১৯২০-১৯৭৫ |
||
| 650 |
_aPoliticians _zBangladesh _vBiography. _9233110 |
||
| 650 |
_aEx-presidents _zBangladesh _v Biography. _9233111 |
||
| 942 |
_2ddc _cBK |
||
| 999 |
_c75953 _d75953 |
||